LEADER 00775nam0-22003131i-450- 001 990001508030403321 005 20030714100716.0 010 $a0-900953-31-4 035 $a000150803 035 $aFED01000150803 035 $a(Aleph)000150803FED01 035 $a000150803 100 $a20030714d--------km-y0itay50------ba 101 0 $aita 200 1 $aCIBSE Guide vol. c$eReference data$fCIBSE 205 $a5ed 210 $aLondon$cCIBSE$d1988 610 0 $aIgrometria 610 0 $aVapori 610 0 $aScambio termico 676 $a697.9 710 1 $aCIBSE$067717 801 0$aIT$bUNINA$gRICA$2UNIMARC 901 $aBK 912 $a990001508030403321 952 $a00 E105$b988$fDETEC 959 $aDETEC 996 $aCIBSE Guide vol. c$9376708 997 $aUNINA LEADER 01628nam 2200445 450 001 9910704931703321 005 20190308152747.0 035 $a(CKB)5470000002446430 035 $a(OCoLC)872579569 035 $a(EXLCZ)995470000002446430 100 $a20140313d2012 ua 0 101 0 $aeng 135 $aurmn||||||||| 181 $2rdacontent 182 $2rdamedia 183 $2rdacarrier 200 00$aIntelligence revolution 1960 $eretrieving the corona imagery that helped win the Cold War /$f[edited] by Ingard Clausen and Edward A. Miller 210 1$aChantilly, Virginia :$cCenter for the Study of National Reconnaissance,$d2012. 215 $a1 online resource (xiv, 240 pages) $cillustrations 300 $aTitle from title screen (viewed Jan. 30, 2014). 300 $a"April 2012." 320 $aIncludes bibliographical references (pages 12-13) and index. 517 $aIntelligence revolution 1960 606 $aSpace surveillance$zUnited States$xHistory 606 $aAstronautics, Military$zUnited States$xHistory 606 $aMilitary surveillance$zUnited States$xHistory 606 $aCold War$xHistory 615 0$aSpace surveillance$xHistory. 615 0$aAstronautics, Military$xHistory. 615 0$aMilitary surveillance$xHistory. 615 0$aCold War$xHistory. 702 $aClausen$b Ingard 702 $aMiller$b Edward Alan$f1922- 712 02$aCenter for the Study of National Reconnaissance (U.S.), 801 0$bGPO 801 1$bGPO 906 $aBOOK 912 $a9910704931703321 996 $aIntelligence revolution 1960$93514079 997 $aUNINA